UM Logo

Qualitative data analysis : (Record no. 19382)

MARC details
000 -LEADER
fixed length control field 00542nam a22001577a 4500
008 - FIXED-LENGTH DATA ELEMENTS--GENERAL INFORMATION
fixed length control field 240227b ||||| |||| 00| 0 eng d
020 ## - INTERNATIONAL STANDARD BOOK NUMBER
International Standard Book Number 9781529730425
082 ## - DEWEY DECIMAL CLASSIFICATION NUMBER
Classification number DC 001.42
Item number Q251 2023
100 ## - MAIN ENTRY--PERSONAL NAME
Personal name Stevens, Peter A.J.
9 (RLIN) 53427
245 ## - TITLE STATEMENT
Title Qualitative data analysis :
Remainder of title key approaches /
Statement of responsibility, etc. Edited by Peter A.J. Stevens.
260 ## - PUBLICATION, DISTRIBUTION, ETC. (IMPRINT)
Place of publication, distribution, etc. London :
Name of publisher, distributor, etc. Sage publications Ltd,
Date of publication, distribution, etc. ©2023.
300 ## - PHYSICAL DESCRIPTION
Extent xi, 386 pages :
Other physical details illustrations ;
Dimensions 24 cm.
500 ## - GENERAL NOTE
General note Includes index.
650 ## - SUBJECT ADDED ENTRY--TOPICAL TERM
Topical term or geographic name as entry element Qualitative research
General subdivision Methodology.
9 (RLIN) 46277
942 ## - ADDED ENTRY ELEMENTS (KOHA)
Source of classification or shelving scheme Dewey Decimal Classification
Koha item type Circulation
Holdings
Withdrawn status Lost status Source of classification or shelving scheme Damaged status Not for loan Collection code Home library Current library Shelving location Date acquired Source of acquisition Cost, normal purchase price Total Checkouts Full call number Barcode Date last seen Date last checked out Price effective from Koha item type
    Dewey Decimal Classification     Circulation UM Digos College - LIC UM Digos College - LIC Book Cart 07/19/2023 Purchased 5179.00 2 DC 001.42 Q251 2023 27853 05/15/2025 02/05/2025 02/27/2024 Circulation